| 000 | 00354nam a22001457a 4500 | ||
|---|---|---|---|
| 003 | SGT | ||
| 020 | _a9788126723386 | ||
| 082 |
_a920 _bE12N |
||
| 100 | _aNAYER, KULDEEP | ||
| 245 | _aEK ZINDAGI KAFI NHI: AZADI SE AAJ TAK KE BHARAT KI ANDROONI KAHANI | ||
| 260 |
_bRAJKAMAL PAPERBACKS _c2012 |
||
| 300 | _a471 | ||
| 650 | _aBIOGRAPHY | ||
| 942 |
_2ddc _cBK |
||
| 999 |
_c28309 _d28309 |
||